Países latinos - Estadísticas

Estadísticas generales
  • Esta prueba ha sido intentada 206 veces
    64 desde el último reinicio
  • La puntuación promedio es 17 de 29
Answers on the Grid
Answers color-coded by a green-red scale on the quiz's grid according to % correct below.
España
México
Guatemala
El Salvador
Jamaica
Nicaragua
Honduras
Costa Rica
Andorra
Italia
Trinidad y Tobago
Portugal
Francia
Rumanía
San Marino
Mónaco
Filipinas
Bélgica
Liechtenstein
Cuba
Guinea Ecuatorial
Brasil
Chipre
Timor Oriental
Argetina
Bolivia
Paraguay
Guyana
Uruguay
Chile
Belice
Colombia
Perú
Estados Unidos
Ecuador
Malta
Venezuela
Croacia
Surinam
Moldavia
 
Estadísticas de respuestas
Respuesta % Correcto
México
93%
Guatemala
90%
Costa Rica
88%
El Salvador
88%
Honduras
88%
Nicaragua
86%
España
83%
Italia
67%
Francia
64%
Portugal
62%
Andorra
57%
Argetina
57%
Bolivia
57%
Cuba
57%
Paraguay
57%
San Marino
57%
Mónaco
55%
Chile
52%
Perú
50%
Colombia
48%
Uruguay
48%
Brasil
43%
Rumanía
43%
Venezuela
43%
Ecuador
40%
Guinea Ecuatorial
36%
Bélgica
33%
Moldavia
21%
Timor Oriental
21%
No se encontraron pruebas coincidentes
Distribución de puntuación
Porcentaje de gente con cada puntuación
Porcentaje por número respondido
Historial de tus puntuaciones
No has intentado esta prueba desde el último reinicio